000 02463cas a2200625 i 4500
001 data
008 data
005 20260322212121.0
010 _a 97642213
_z 95046947
_z 95046947
019 _a1037256133
_a746136443
_a1037256133
022 0 _a1091-6288
_21
023 0 _a1091-6288
_21
029 1 _aYDXCP
_b1546130
029 1 _aAU@
_b000013654157
035 _a(OCoLC)34125854
040 _aSVP
_beng
_erda
_cSVP
_dOCLCQ
_dDLC
_dNSD
_dDLC
_dOCLCQ
_dOCLCF
_dOCLCO
_dOCLCL
_dNDD
_dFSP
_dOCLCL
_dOCLCQ
042 _apcc
_apcc
050 0 0 _aG149
_b.C65
082 4 _a910
_1https://id.oclc.org/worldcat/ddc/E3YxcggDV6j77RfJ6jJmhMkmdw
210 0 _aBest travel deals
222 0 _aBest travel deals
245 0 0 _aBest travel deals :
_bhow to get big discounts on airfares, hotels, car rentals, and more.
246 1 3 _aConsumer reports best travel deals
264 1 _aYonkers, New York :
_bConsumer Reports,
_c1996-2001.
300 _a6 volumes :
_billustrations ;
_c19 cm
310 _aAnnual
336 _atext
_btxt
_2rdacontent
337 _aunmediated
_bn
_2rdamedia
338 _avolume
_bnc
_2rdacarrier
362 0 _a1996 edition-2001.
590 _aSERBIB/SERLOC merged record
500 _aPrepared by the editors of: Consumer Reports Travel Letter.
588 0 _a1996 edition; title from title page.
588 1 _a2001.
650 0 _aTravel
_vPeriodicals.
650 2 _aTravel
_0(DNLM)D014195
650 6 _aVoyage.
_0(CaQQLa)201-0016125
650 7 _atravel.
_2aat
_0(CStmoGRI)aat300080094
650 7 _aTravel.
_2fast
_0(OCoLC)fst01155558
655 7 _aPeriodicals.
_2fast
_0(OCoLC)fst01411641
710 2 _aConsumer Reports (Firm),
_epublisher.
_1https://id.oclc.org/worldcat/entity/E39QH7Jmt3KJ7jmhYh34YqHfFg
730 0 _aConsumer reports travel letter.
776 0 8 _iOnline version:
_tBest travel deals
_w(OCoLC)760165905
780 0 0 _tConsumer reports ... travel buying guide
_x1060-1511
_w(OCoLC)24883449
_w(OCoLC)24883449
785 0 0 _tConsumer reports travel well for less
_x1548-9337
_w(OCoLC)48806312
_w(OCoLC)48806312
787 0 _tConsumer reports travel letter
_x0887-8439
_w(OCoLC)13171335
_w(OCoLC)13171335
890 _aBest travel deals.
_i97-642213
906 _a7
_bcbc
_cserials
_du
_encip
_f19
_gn-oclcserc
920 _aKeep 1
991 _bc-GenColl
_hG149
_i.C65
_wSERIALS
991 _bc-GenColl
_hG149
_i.C65
_p00056910037
_tCopy 1
_v1997
_wCCF
992 _bB/L
_wSERLOC
999 _c1849
_d1849